00337nam a2200145Ia 4500008004100000020001500041082001500056100002300071245001600094250000800110260002500118300001200143500002400155650001200179230524s9999 xx 000 0 und d a8176561061 a5.133bKAN aYashavant Kanetkar 0aLet Us C ++ a1ST aNEW DELHIbBPBc2002 aXII;605 aQuantity Number: 2 aComp-Sc